LEADER 00875nas 2200313- 450 001 996473370903316 005 20230605213017.0 035 $a(OCoLC)1332987897 035 $a(CKB)5600000000457971 035 $a(CONSER)--2023223916 035 $a(EXLCZ)995600000000457971 100 $a20220608a20159999 --- - 101 0 $aeng 135 $aur|n||||||||| 181 $ctxt$2rdacontent 182 $cc$2rdamedia 183 $acr$2rdacarrier 200 00$aICTACT journal on management studies 210 1$aChennai :$cICT Academy,$d2015- 215 $a1 online resource 311 $a2395-1656 517 3 $aIJMS 606 $aManagement science$vPeriodicals 615 0$aManagement science 712 02$aICT Academy of Tamil Nadu, 906 $aJOURNAL 912 $a996473370903316 996 $aICTACT Journal on Management Studies$92852155 997 $aUNISA LEADER 01280nam0 22003131i 450 001 UON00248730 005 20231205103621.883 010 $a28-458-6245-8 100 $a20040127d2002 |0itac50 ba 101 $afre 102 $aFR 105 $a|||| ||||| 200 1 $aˆLe ‰Nord-Cameroun …à travers ses mots$edictionnaire de termes anciens et modernes$fChristian Seignobos et Henry Tourneux 210 $aParis$cKarthala ; IRD Editions$dc2002 215 $a334 p.$d25 cm 410 1$1001UON00067359$12001 $aDictionnaires et langues$fCollection dirigée par Henry Tourneux 606 $aLINGUE AFRICANE$xStudi$3UONC018640$2FI 620 $aFR$dParis$3UONL002984 676 $a496$cLINGUE AFRICANE$v21 700 1$aSEIGNOBOS$bChristian$3UONV011491$0660198 701 1$aTOURNEUX$bHenry$3UONV011506$0465044 712 $aIRD Editions$3UONV270060$4650 712 $aKarthala$3UONV251150$4650 801 $aIT$bSOL$c20240220$gRICA 899 $aSIBA - SISTEMA BIBLIOTECARIO DI ATENEO$2UONSI 912 $aUON00248730 950 $aSIBA - SISTEMA BIBLIOTECARIO DI ATENEO$dSI A Afr LING 253 $eSI AA 26271 5 253 996 $aNord-Cameroun …à travers ses mots$91235485 997 $aUNIOR LEADER 00954nam0-2200301 --450 001 9911060629303321 005 20260206150627.0 010 $a978-88-93598-93-4 010 $a978-88-93598-94-1$bdigitale 020 $aIT$b2024-10739 100 $a20260206d2024----kmuy0itay5050 ba 101 0 $aita$cita 102 $aIT 105 $a 001yy 200 1 $aA suon di polemiche$eeresia e controversia dottrinale nella crisi religiosa del Cinquecento$fGiorgio Caravale 210 $aRoma$cEdizioni di storia e letteratura$d2024 215 $aXXIV, 266 p.$d21 cm 225 1 $aCulture e religioni in età moderna$v2 610 0 $aDispute teologiche$aEuropa$aSec. 16. 676 $a230.094$v23 700 1$aCaravale,$bGiorgio$0292286 801 0$aIT$bUNINA$gREICAT$2UNIMARC 901 $aBK 912 $a9911060629303321 952 $a940.22 CARG 01$b2026/361$fFLFBC 959 $aFLFBC 996 $aA suon di polemiche$94536779 997 $aUNINA